Flux Peaking of 7-12 keV Deuterons at Channelling in TiD2 Crystal and Enhancement of Neutrons Yield in d(d,n)3Hе Reaction; Charged and Neutral Particles Channeling Phenomena

Dettagli Bibliografici
Parent link:Charged and Neutral Particles Channeling Phenomena.— 2016.— [P. 72]
Enti autori: Национальный исследовательский Томский политехнический университет (ТПУ) Физико-технический институт (ФТИ) Кафедра экспериментальной физики (ЭФ), Национальный исследовательский Томский политехнический университет (ТПУ) Физико-технический институт (ФТИ) Лаборатория № 33 ядерного реактора, Национальный исследовательский Томский политехнический университет (ТПУ) Физико-технический институт (ФТИ) Кафедра общей физики (ОФ), Национальный исследовательский Томский политехнический университет (ТПУ) Физико-технический институт (ФТИ) Кафедра высшей математики и математической физики (ВММФ)
Altri autori: Tukhfatullin T. A. Timur Ahatovich, Pivovarov Yu. L. Yuriy Leonidovich, Kuznetsov S. I. Sergey Ivanovich, Eykhorn Yu. L. Yury Leonidovich, Dudkin G. N. Gennadiy Nikolaevich
Riassunto:Title screen
Lingua:inglese
Pubblicazione: 2016
Soggetti:
Accesso online:https://agenda.infn.it/contributionDisplay.py?contribId=41&sessionId=10&confId=10663
Natura: MixedMaterials Elettronico Capitolo di libro
KOHA link:https://koha.lib.tpu.ru/cgi-bin/koha/opac-detail.pl?biblionumber=651855

MARC

LEADER 00000naa0a2200000 4500
001 651855
005 20250828163029.0
035 |a (RuTPU)RU\TPU\network\17118 
035 |a RU\TPU\network\17117 
090 |a 651855 
100 |a 20161123d2016 k||y0rusy50 ba 
101 0 |a eng 
102 |a IT 
135 |a drcn ---uucaa 
181 0 |a i  
182 0 |a b 
200 1 |a Flux Peaking of 7-12 keV Deuterons at Channelling in TiD2 Crystal and Enhancement of Neutrons Yield in d(d,n)3Hе Reaction  |f T. A. Tukhfatullin [et al.] 
203 |a Text  |c electronic 
300 |a Title screen 
320 |a [References: 4 tit.] 
463 1 |t Charged and Neutral Particles Channeling Phenomena  |o Book of Abstracts of the 7th International Conference, Sirmione, September 25-30, 2016  |v [P. 72]  |d 2016 
610 1 |a электронный ресурс 
610 1 |a труды учёных ТПУ 
701 1 |a Tukhfatullin  |b T. A.  |c physicist  |c Associate Professor of Tomsk Polytechnic University, Candidate of physical and mathematical sciences  |f 1971-  |g Timur Ahatovich  |3 (RuTPU)RU\TPU\pers\33633 
701 1 |a Pivovarov  |b Yu. L.  |c physicist  |c professor of Tomsk Polytechnic University  |f 1953-  |g Yuriy Leonidovich  |3 (RuTPU)RU\TPU\pers\31522 
701 1 |a Kuznetsov  |b S. I.  |c physicist  |c associate professor of Tomsk polytechnic university, candidate of technical sciences (PhD)  |f 1952-  |g Sergey Ivanovich  |3 (RuTPU)RU\TPU\pers\30071 
701 1 |a Eykhorn  |b Yu. L.  |c physicist  |c assistant at Tomsk Polytechnic University  |f 1991-  |g Yury Leonidovich  |3 (RuTPU)RU\TPU\pers\35247 
701 1 |a Dudkin  |b G. N.  |c specialist in the field of nuclear physics  |c Senior researcher of Tomsk Polytechnic University, Candidate of physical and mathematical sciences  |f 1944-  |g Gennadiy Nikolaevich  |3 (RuTPU)RU\TPU\pers\34190  |9 17724 
712 0 2 |a Национальный исследовательский Томский политехнический университет (ТПУ)  |b Физико-технический институт (ФТИ)  |b Кафедра экспериментальной физики (ЭФ)  |3 (RuTPU)RU\TPU\col\21255 
712 0 2 |a Национальный исследовательский Томский политехнический университет (ТПУ)  |b Физико-технический институт (ФТИ)  |b Лаборатория № 33 ядерного реактора  |3 (RuTPU)RU\TPU\col\19896 
712 0 2 |a Национальный исследовательский Томский политехнический университет (ТПУ)  |b Физико-технический институт (ФТИ)  |b Кафедра общей физики (ОФ)  |3 (RuTPU)RU\TPU\col\18734 
712 0 2 |a Национальный исследовательский Томский политехнический университет (ТПУ)  |b Физико-технический институт (ФТИ)  |b Кафедра высшей математики и математической физики (ВММФ)  |3 (RuTPU)RU\TPU\col\18727 
801 1 |a RU  |b 63413507  |c 20141010 
801 2 |a RU  |b 63413507  |c 20161123  |g RCR 
856 4 |u https://agenda.infn.it/contributionDisplay.py?contribId=41&sessionId=10&confId=10663 
942 |c CF